गरमी / (Record no. 54585)

MARC details
000 -LEADER
fixed length control field 02376nam a22003017a 4500
005 - DATE AND TIME OF LATEST TRANSACTION
control field 20110801103822.0
010 ## - LCCN (DPL NO)
LC control number B-436023-027
020 ## - INTERNATIONAL STANDARD BOOK NUMBER
International Standard Book Number 8182633249
Terms of availability 15.00
035 ## - SYSTEM CONTROL NUMBER
System control number B-436023-027
037 ## - SOURCE OF ACQUISITION
Source of stock number/acquisition ब्ल्यूबेरी बुक्स
082 ## - DEWEY DECIMAL CLASSIFICATION NUMBER
Classification number
100 ## - MAIN ENTRY--PERSONAL NAME
Personal name किर्लोस्कर, लीला
245 ## - TITLE STATEMENT
Title गरमी /
Statement of responsibility, etc लीला किर्लोस्कर एवं अरविंद पासी ; अमित अधिकारी द्वारा चित्रांकित
246 ## - VARYING FORM OF TITLE
Title proper/short title Garmi
Remainder of title by Leela Kirloskar
250 ## - EDITION STATEMENT
Edition statement 3रा हिन्दी संस्क.
260 ## - PUBLICATION, DISTRIBUTION, ETC. (IMPRINT)
Place of publication, distribution, etc नई दिल्ली
Name of publisher, distributor, etc प्रथम बुक्स
Date of publication, distribution, etc 2009
270 ## - ADDRESS
Address 633-634, 4th "C" Main, 6th 'B' Cross, OMBR Layout, Banaswadi,
City Bangalore
Postal code 560043
Telephone number +91 11 41042483
300 ## - PHYSICAL DESCRIPTION
Extent 8पृ.
Other physical details सचित्र
Dimensions 14x20 सेमी (अजिल्द)
700 ## - ADDED ENTRY--PERSONAL NAME
9 (RLIN) 28835
Personal name पासी, अरविंद
700 ## - ADDED ENTRY--PERSONAL NAME
9 (RLIN) 28836
Personal name अधिकारी, अमित
942 ## - ADDED ENTRY ELEMENTS (KOHA)
Source of classification or shelving scheme Dewey Decimal Classification
Item type Children Books
Classification part
Call number suffix किर्लोस्क
Holdings
Withdrawn status Lost status Not for loan Collection code Home library Current library Date acquired Source of acquisition Cost, normal purchase price Full call number Barcode Copy number Cost, replacement price Koha item type
      Fiction Bawana Bawana 04/08/2011 ब्लयूबेरी /6364/25.3.2011/83/21.3.11/31.3.11 15.00 क किर्लोस्क B-436025 1 15.00 Children Books
      Fiction Central Library Central Library 04/08/2011 ब्लयूबेरी /6364/25.3.2011/83/21.3.11/31.3.11 15.00 क किर्लोस्क B-436023 1 15.00 Children Books
  Written-off vide DLB M. No. 383 dt 16.05.19   Fiction Karol Bagh Karol Bagh 04/08/2011 ब्लयूबेरी /6364/25.3.2011/83/21.3.11/31.3.11 15.00 क किर्लोस्क B-436026 1 15.00 Children Books
  Written-off vide DLB M. No. 383 dt 16.05.19   Fiction Patel Nagar Patel Nagar 04/08/2011 ब्लयूबेरी /6364/25.3.2011/83/21.3.11/31.3.11 15.00 क किर्लोस्क B-436024 1 15.00 Children Books
  Written-off vide DLB M. No. 383 dt 16.05.19   Fiction Shahdara Branch Shahdara Branch 04/08/2011 ब्लयूबेरी /6364/25.3.2011/83/21.3.11/31.3.11 15.00 क किर्लोस्क B-436027 1 15.00 Children Books

© Delhi Public Library
Hit Counter
free hit counter